|
|
|
|
| LEADER |
00000naa2a2200000 4500 |
| 001 |
633944 |
| 005 |
20251206175928.0 |
| 035 |
|
|
|a (RuTPU)RU\TPU\conf\35694
|
| 035 |
|
|
|a RU\TPU\conf\35693
|
| 090 |
|
|
|a 633944
|
| 100 |
|
|
|a 20211206d2021 k||y0rusy50 ca
|
| 101 |
0 |
|
|a rus
|
| 102 |
|
|
|a RU
|
| 135 |
|
|
|a drcn ---uucaa
|
| 181 |
|
0 |
|a i
|
| 182 |
|
0 |
|a b
|
| 200 |
1 |
|
|a Влияние типа твердых частиц на триботехнические свойства спечённых композитов Al-Sn
|f А. Л. Скоренцев, Н. М. Русин, Е. Н. Коростелева
|
| 203 |
|
|
|a Текст
|c электронный
|
| 225 |
1 |
|
|a Материаловедение и нанотехнологии в машиностроении
|
| 300 |
|
|
|a Заглавие с экрана
|
| 320 |
|
|
|a [Библиогр.: с. 188 (2 назв.)]
|
| 463 |
|
0 |
|0 (RuTPU)RU\TPU\conf\35640
|t Современные проблемы машиностроения
|o сборник трудов XIV Международной научно-технической конференции, г. Томск, 25-30 октября 2021 г.
|f Национальный исследовательский Томский политехнический университет (ТПУ) ; под ред. Е. Н. Пашкова
|v [С. 187-188]
|d 2021
|
| 610 |
1 |
|
|a электронный ресурс
|
| 610 |
1 |
|
|a труды учёных ТПУ
|
| 610 |
1 |
|
|a твердые частицы
|
| 610 |
1 |
|
|a триботехнические свойства
|
| 610 |
1 |
|
|a спеченные композиты
|
| 610 |
1 |
|
|a алюминиевые сплавы
|
| 610 |
1 |
|
|a износостойкость
|
| 610 |
1 |
|
|a добавки
|
| 700 |
|
1 |
|a Скоренцев
|b А. Л.
|c физик
|c инженер Томского политехнического университета, кандидат технических наук
|f 1987-
|g Александр Леонидович
|3 (RuTPU)RU\TPU\pers\35032
|9 18319
|
| 701 |
|
1 |
|a Русин
|b Н. М.
|
| 701 |
|
1 |
|a Коростелева
|b Е. Н.
|c физик
|c доцент Томского политехнического университета, кандидат технических наук
|f 1962-
|g Елена Николаевна
|3 (RuTPU)RU\TPU\pers\26927
|9 12537
|
| 801 |
|
2 |
|a RU
|b 63413507
|c 20211216
|g RCR
|
| 856 |
4 |
|
|u http://earchive.tpu.ru/handle/11683/69165
|z http://earchive.tpu.ru/handle/11683/69165
|
| 942 |
|
|
|c CF
|